Every Song by SΔINT ΔSONIΔ - Statistics

General Stats
  • This quiz has been taken 10 times
  • The average score is 10 of 38
Answer Stats
Album Song % Correct
Flawed Design(2019) The Hunted
100%
Extrovert(2022) Wolf
100%
Introvert(2022) Above It All
67%
Introvert(2022) Better Late Than Never
67%
Flawed Design(2019) Blind
67%
Extrovert(2022) Devastate
67%
Saint Asonia(2015) Let Me Live My Life
67%
Extrovert(2022) Better Now
33%
Saint Asonia(2015) Better Place
33%
Introvert(2022) Bite the Bullet
33%
Saint Asonia(2015) Blow Me Wide Open
33%
Extrovert(2022) Break the Mold
33%
Extrovert(2022) Chasing the Light
33%
Introvert(2022) Chew Me Up
33%
Saint Asonia(2015) Fairy Tale
33%
Flawed Design(2019) Flawed Design
33%
Flawed Design(2019) Ghost
33%
Saint Asonia(2015) King of Nothing
33%
Extrovert(2022) Over It
33%
Flawed Design(2019) Sirens
33%
Introvert(2022) So What
33%
Flawed Design(2019) Another Fight
0%
Flawed Design(2019) Beast
0%
Saint Asonia(2015) Dying Slowly
0%
Saint Asonia(2015) Even Though I Say
0%
Saint Asonia(2015) Happy Tragedy
0%
Flawed Design(2019) Justify
0%
Saint Asonia(2015) Leaving Minnesota
0%
Introvert(2022) Left Behind
0%
Flawed Design(2019) Martyrs
0%
Saint Asonia(Bonus)(2015) No Tomorrow
0%
Flawed Design(Bonus)(2019) Say Goodbye
0%
Flawed Design(2019) The Fallen
0%
Flawed Design(2019) This August Day
0%
Saint Asonia(2015) Trying to Catch Up with the World
0%
Saint Asonia(Bonus)(2015) Voice in Me
0%
Saint Asonia(2015) Waste My Time
0%
Flawed Design(Bonus)(2019) Weak & Tired
0%
No matching quizzes found
Score Distribution
Percent of People with Each Score
Percentile by Number Answered
Your Score History
You have not taken this quiz